00856cam a22002171 4500001001300000003000400013005001700017008004100034010001700075035002000092040001700112042001200129050002300141110006700164245026100231260002500492300001900517490002400536650002500560740005300585e 33000060 DLC20260227111223.0880621s1932 ilu 000 0 eng  ae 33000060  a(OCoLC)18117320 aDLCcAUdDLC apremarc00aL142b.B35 no. 2641 aIllinois.bOffice of the Superintendent of Public Instruction.10aList of books and prices.cIssued by the superintendent of public instruction, July 15, 1932. In accordance with the provisions of an act to regulate the adoption, sale and distribution of school textbooks. (Printed by authority of the state of Illinois) a[Springfield?c1932] a165 p.c23 cm.0 aCircular ;vno. 264 0aTextbookszIllinois.0 aIllinois official list of text books and prices.